00554 2200205 4500001002100000005001500021035002000036007000300056008004100059020001800100082001100118084001700129100001800146245006200164250001100226260004800237300003600285700001800321990000900339INLIS00000000000715720210310113314 a0010-0321000527ta210310 g 0 ind  a9786021894255 a333.79 a333.79 TUT s0 aTutun Nugraha1 aSeri Sains Energi Terbarukan Energi Laut /cTutun Nugraha aCet. 1 aJakarta :bPT Pelangi Ilmu Nusantara,c2013 a67 hlm :b.ilus ;c21 x 29,5 cm0 aDidik Sunardi a4023